00581cam a22001691a 4500001001000000003000900010005001700019008004100036010001300077040003300090100003400123245008700157260004600244300002900290490005000319500004200369000018975DO-SdBNP20250702095521.0810306s1937 nyu 000 0 eng  a37028747 aDO-SdBNPcPCarlDdOCoLCdDLC1 aDos Passos, John,d1896-1970.14aThe 42nd parallel, /cby John Dos Passos; with an introductory note by the author. aNew York, :bThe Modern Library,c[1937]. aix, ix, 415 p. ;c18 cm.0 aThe Modern library of the world's best books. a"First Modern library edition, 1937."